000
00324nam a22001457a 4500
008
230316b ||||| |||| 00| 0 eng d
020
_a
9780736082303
041
_a
eng
080
_2
9780736082303
_a
611
082
_2
611PUL
100
_a
10
101
_a
ANATOMI
245
_a
RUNNING ANATOMY
_c
PULEO J
942
_2
udc
_c
BK
999
_c
59361
_d
59361